DEALING with the Malaysian civil service

Bibliographic Details
Corporate Author: Malaysia
Format: Book
Published: Petaling Jaya, Selangor : Pelanduk Pub. , 1993
Subjects:

MARC

LEADER 00000cam a2200000 7i4500
001 0000001973
005 20020718.0
020 0 0 |a 9679784665 
090 0 0 |a 354.595025   |b DEA 1993 
245 0 0 |a DEALING with the Malaysian civil service   |c [produced by Malaysian Administrative Modernisation and Management Planning Unit (MAMPU)] 
260 0 0 |a Petaling Jaya, Selangor :   |b Pelanduk Pub. ,   |c 1993 
300 |a xi, 774 p. ;   |c 30 cm. 
650 0 0 |a Administrative agencies   |z Malaysia   |x Directories 
650 0 0 |a Executive departments   |z Malaysia   |x Directories 
710 1 1 |a Malaysia ,   |c Unit Pemodenan Tadbiran Malaysia 
998 |a JPSM 
999 |a 0000000290   |b Monograph   |c Open Shelf   |e Default branch 
999 |a 0000000291   |b Monograph   |c Open Shelf   |e Default branch 
999 |a 0000003387   |b Monograph   |c Open Shelf   |e Default branch